Normale Ansicht MARC-Ansicht ISBD

"Lica neobščim vyražen'em..." : (Titelsatznr. 37965)

[ MARC ]
MARC-Details
000 -Satzkennung
Kontrollfeld mit fester Länge 00631nam a22002291c 4500
001 - Kontrollnummer
Kontrollfeld a987673591
008 - Feld mit fester Länge zur physischen Beschreibung - Allgemeine Angaben
Kontrollfeld mit fester Länge 141125s2014 gw a||| 000u rus d
020 ## - Internationale Standardbuchnummer
Internationale Standardbuchnummer 9785948812571
Verknüpfung 978-5-94881-257-1
041 ## - Sprachcode
Sprachcode des Textes/der Tonspur oder des separaten Titels rus
040 ## - Katalogisierungsquelle
Übertragungsstelle RU-10907106
003 - Kontrollnummer Identifier
Kontrollfeld RU-10907106
100 1# - Haupteintragung - Personenname
Personenname Bogdanov, Nikolaj N.
245 00 - Titel
Titel "Lica neobščim vyražen'em..." :
Zusatz zum Titel rodstvennoe okruženie F. M. Dostoevskogo
250 ## - Ausgabebezeichnung
Ausgabebezeichnung 2., bearb. Aufl.
264 ## - Produktion, Veröffentlichung, Distribution, Herstellung und Urheberrechtsvermerk
Herstellungs-, Veröffentlichungs- Vertriebs-, Erzeugungsort Moskva :
Produzent, Herausgeber, Distributor, Hersteller Novyj chronograf,
Datum der Herstellung, der Veröffentlichung, des Vertriebs oder des Urheberschutzvermerks 2014
300 ## - Physische Beschreibung
Umfang 472 S.: Ill.
600 #0 - Nebeneintragung unter einem Schlagwort - Personenname
Personenname Dostoevskij <Familie>
648 #0 - Nebeneintragung unter einem Schlagwort - Zeitschlagwort
Zeitschlagwort 1880-1991
651 #0 - Nebeneintragung unter einem Schlagwort - Geografischer Name
Geografischer Name Russland
651 #0 - Nebeneintragung unter einem Schlagwort - Geografischer Name
Geografischer Name Sowjetunion
942 ## - Zusätzliche Felder (Koha)
Koha-Medientyp Monographien
Exemplare
Ausgeschieden Verloren Klassifikation oder Aufstellungssystematik Beschädigt Nicht entleihbar Heimatbibliothek Aufenthaltsbibliothek Aufstellungsort Erwerbungsdatum Inventarnummer Signatur Barcode Letzte Aktivität Preis gültig von Koha-Medientyp
    Andere/Generische Klassifikation     MWN Osteuropa MWN Osteuropa Magazin - 2 25/11/2014 15-00563 R 60 v Bog E004015079082E6D 23/02/2021 22/03/2021 Monographien